| 000 | 00893nam a2200265Ia 4500 | ||
|---|---|---|---|
| 005 | 20220317000711.0 | ||
| 008 | 160601s2004 sp a g 000 0 spa | ||
| 020 | _a8488342543 | ||
| 100 | 1 | _aCarle, Eric | |
| 245 | 1 | 3 |
_aEl camaleón camaleónico _cEric Carle ; traducción Esther Rubio |
| 250 | _a1a. edición | ||
| 300 |
_a30 páginas _bilustraciones en color _c18 cm |
||
| 650 | 1 | 4 |
_2LEMB _aÁlbumes infantiles estadounidenses |
| 650 | 1 | 4 |
_2LEMB _aLiteratura infantil estadounidense |
| 650 | 1 | 4 |
_2LEMB _aCamaleones en la literatura |
| 650 | 1 | 4 |
_2LEMB _aZoológicos en la literatura |
| 700 | 1 |
_aRubio, Esther _etraductor _918702 |
|
| 942 |
_2loc _cBKINF |
||
| 264 |
_aMadrid _bKókinos _c2004 |
||
| 336 |
_atexto _btxt _2rdacontent |
||
| 337 |
_asin mediación _bn _2rdamedia |
||
| 338 |
_avolumen _bnc _2rdacarrier |
||
| 040 |
_aCO-BoRNBP _bspa _erda _cCO-BoRNBP |
||
| 084 | _aA CAR5 | ||
| 999 |
_c4813 _d4813 |
||